[Event "DVM U10 2023"]
[Site "Magdeburg GER"]
[Date "2023.12.29"]
[Round "6"]
[White "Moskalenko, Michael"]
[Black "Tran, Nhat Nam"]
[Result "0-1"]
[Termination "normal"]
[Board "18.1"]
[WhiteElo "1294"]
[BlackElo "1302"]
[WhiteClock "00:00:18"]
[BlackClock "00:10:14"]
[WhiteTeam "Elmshorner SC 1896"]
[BlackTeam "Greifswalder SV"]
[PlyCount "86"]
[WhiteFideId "34608877"]
[BlackFideId "34692193"]
[EventCountry "GER"]
[EventRounds "7"]
[EventType "team-swiss"]
[EventDate "2023.12.27"]

1. d4 {[%clk 00:55:07]} {[%emt 00:00:02]} d5 {[%clk 00:55:02]} {[%emt
00:00:08]} 2. c4 {[%clk 00:55:06]} {[%emt 00:00:06]} e6 {[%clk 00:55:01]}
{[%emt 00:00:06]} 3. Nf3 {[%clk 00:55:06]} {[%emt 00:00:05]} Nf6 {[%clk
00:54:57]} {[%emt 00:00:10]} 4. g3 {[%clk 00:55:05]} {[%emt 00:00:06]} c6
{[%clk 00:54:41]} {[%emt 00:00:21]} 5. Qc2 {[%clk 00:54:38]} {[%emt 00:00:31]}
Nbd7 {[%clk 00:54:16]} {[%emt 00:00:31]} 6. Bg2 {[%clk 00:54:01]} {[%emt
00:00:41]} Be7 {[%clk 00:53:56]} {[%emt 00:00:25]} 7. O-O {[%clk 00:53:24]}
{[%emt 00:00:43]} O-O {[%clk 00:53:52]} {[%emt 00:00:09]} 8. Nbd2 {[%clk
00:52:47]} {[%emt 00:00:41]} b6 {[%clk 00:53:40]} {[%emt 00:00:18]} 9. Rd1
{[%clk 00:52:31]} {[%emt 00:00:20]} Bb7 {[%clk 00:53:19]} {[%emt 00:00:27]} 10.
e4 {[%clk 00:51:51]} {[%emt 00:00:45]} c5 {[%clk 00:51:37]} {[%emt 00:01:46]}
11. e5 {[%clk 00:46:01]} {[%emt 00:05:56]} Ne8 {[%clk 00:50:57]} {[%emt
00:00:45]} 12. b3 {[%clk 00:45:09]} {[%emt 00:00:57]} cxd4 {[%clk 00:50:14]}
{[%emt 00:00:48]} 13. Bb2 {[%clk 00:43:15]} {[%emt 00:01:59]} Rc8 {[%clk
00:48:59]} {[%emt 00:01:20]} 14. Qd3 {[%clk 00:42:21]} {[%emt 00:00:57]} f6
{[%clk 00:44:38]} {[%emt 00:04:27]} 15. exf6 {[%clk 00:41:25]} {[%emt
00:01:01]} Nexf6 {[%clk 00:44:13]} {[%emt 00:00:29]} 16. Nxd4 {[%clk 00:40:59]}
{[%emt 00:00:32]} Nc5 {[%clk 00:43:30]} {[%emt 00:00:49]} 17. Qe2 {[%clk
00:39:53]} {[%emt 00:01:11]} Qd7 {[%clk 00:42:34]} {[%emt 00:01:02]} 18. Re1
{[%clk 00:37:24]} {[%emt 00:02:33]} Bd6 {[%clk 00:41:58]} {[%emt 00:00:42]} 19.
f4 {[%clk 00:26:59]} {[%emt 00:10:28]} Rfe8 {[%clk 00:41:06]} {[%emt 00:00:58]}
20. Nb5 {[%clk 00:22:45]} {[%emt 00:04:18]} Bb8 {[%clk 00:40:08]} {[%emt
00:01:04]} 21. Nd4 {[%clk 00:15:31]} {[%emt 00:07:19]} e5 {[%clk 00:39:22]}
{[%emt 00:00:50]} 22. fxe5 {[%clk 00:14:05]} {[%emt 00:01:31]} Rxe5 {[%clk
00:37:40]} {[%emt 00:01:47]} 23. Qf1 {[%clk 00:12:32]} {[%emt 00:01:39]} Ree8
{[%clk 00:33:25]} {[%emt 00:04:19]} 24. Nc2 {[%clk 00:11:22]} {[%emt 00:01:14]}
Rf8 {[%clk 00:32:12]} {[%emt 00:01:19]} 25. Bh3 {[%clk 00:06:52]} {[%emt
00:04:35]} Ng4 {[%clk 00:31:32]} {[%emt 00:00:45]} 26. Qe2 {[%clk 00:06:10]}
{[%emt 00:00:47]} h5 {[%clk 00:30:52]} {[%emt 00:00:45]} 27. cxd5 {[%clk
00:05:23]} {[%emt 00:00:53]} Rce8 {[%clk 00:29:43]} {[%emt 00:01:14]} 28. Qc4
{[%clk 00:04:12]} {[%emt 00:01:16]} Bxd5 {[%clk 00:29:05]} {[%emt 00:00:43]}
29. Qd4 {[%clk 00:03:53]} {[%emt 00:00:20]} Ne6 {[%clk 00:24:21]} {[%emt
00:04:52]} 30. Bxg4 {[%clk 00:03:03]} {[%emt 00:00:55]} hxg4 {[%clk 00:21:14]}
{[%emt 00:03:12]} 31. Qxg4 {[%clk 00:02:55]} {[%emt 00:00:13]} Bd6 {[%clk
00:16:36]} {[%emt 00:04:43]} 32. Ne3 {[%clk 00:01:43]} {[%emt 00:01:17]} Bc5
{[%clk 00:15:26]} {[%emt 00:01:15]} 33. b4 {[%clk 00:01:31]} {[%emt 00:00:18]}
Bxb4 {[%clk 00:13:32]} {[%emt 00:01:59]} 34. Nxd5 {[%clk 00:01:01]} {[%emt
00:00:34]} Bxd2 {[%clk 00:12:30]} {[%emt 00:01:06]} 35. Red1 {[%emt 00:00:47]}
Qxd5 {[%clk 00:12:04]} {[%emt 00:00:08]} 36. Bc3 {[%clk 00:00:29]} {[%emt
00:00:20]} Qc5+ {[%clk 00:11:54]} {[%emt 00:00:15]} 37. Bd4 {[%clk 00:00:25]}
{[%emt 00:00:09]} Qxd4+ {[%clk 00:11:40]} {[%emt 00:00:19]} 38. Qxd4 {[%clk
00:00:28]} {[%emt 00:00:02]} Nxd4 {[%clk 00:11:28]} {[%emt 00:00:17]} 39. Kg2
{[%clk 00:00:30]} {[%emt 00:00:03]} Re2+ {[%emt 00:00:26]} 40. Kh3 {[%clk
00:00:29]} {[%emt 00:00:04]} Nf3 {[%clk 00:10:58]} {[%emt 00:00:16]} 41. Kg4
{[%clk 00:00:23]} {[%emt 00:00:11]} Ne5+ {[%clk 00:10:27]} {[%emt 00:00:36]}
42. Kh3 {[%clk 00:00:22]} {[%emt 00:00:04]} Rff2 {[%clk 00:10:22]} {[%emt
00:00:11]} 43. Kh4 {[%clk 00:00:18]} {[%emt 00:00:10]} Rxh2# {[%clk 00:10:14]}
{[%emt 00:00:13]} 0-1

[Event "DVM U10 2023"]
[Site "Magdeburg GER"]
[Date "2023.12.29"]
[Round "6"]
[White "Zarbock, Tim Pepe"]
[Black "Nikolic, Luka"]
[Result "0-1"]
[Termination "normal"]
[Board "18.2"]
[WhiteElo "756"]
[BlackElo "950"]
[WhiteClock "00:40:12"]
[BlackClock "00:44:03"]
[WhiteTeam "Greifswalder SV"]
[BlackTeam "Elmshorner SC 1896"]
[PlyCount "62"]
[BlackFideId "34655123"]
[EventCountry "GER"]
[EventRounds "7"]
[EventType "team-swiss"]
[EventDate "2023.12.27"]

1. e4 {[%clk 00:55:09]} {[%emt 00:00:02]} e5 {[%clk 00:55:07]} {[%emt
00:00:03]} 2. Nc3 {[%clk 00:55:07]} {[%emt 00:00:07]} Nf6 {[%clk 00:55:06]}
{[%emt 00:00:06]} 3. Nf3 {[%clk 00:55:05]} {[%emt 00:00:06]} Nc6 {[%clk
00:55:06]} {[%emt 00:00:05]} 4. Bc4 {[%clk 00:55:00]} {[%emt 00:00:10]} Bc5
{[%clk 00:54:30]} {[%emt 00:00:42]} 5. d3 {[%clk 00:55:00]} {[%emt 00:00:06]}
O-O {[%clk 00:54:14]} {[%emt 00:00:20]} 6. Be3 {[%clk 00:54:58]} {[%emt
00:00:07]} Nd4 {[%clk 00:53:50]} {[%emt 00:00:30]} 7. Nxe5 {[%clk 00:54:10]}
{[%emt 00:00:52]} d6 {[%clk 00:53:27]} {[%emt 00:00:28]} 8. Nf3 {[%clk
00:54:08]} {[%emt 00:00:07]} Bg4 {[%clk 00:53:04]} {[%emt 00:00:27]} 9. Qd2
{[%clk 00:53:36]} {[%emt 00:00:37]} Nxf3+ {[%clk 00:52:56]} {[%emt 00:00:14]}
10. gxf3 {[%clk 00:53:28]} {[%emt 00:00:13]} Bxf3 {[%clk 00:52:52]} {[%emt
00:00:09]} 11. Rg1 {[%clk 00:53:05]} {[%emt 00:00:28]} g6 {[%clk 00:52:29]}
{[%emt 00:00:29]} 12. Bxc5 {[%clk 00:52:20]} {[%emt 00:00:49]} dxc5 {[%clk
00:52:04]} {[%emt 00:00:31]} 13. Qe3 {[%clk 00:51:42]} {[%emt 00:00:41]} Bg4
{[%clk 00:50:14]} {[%emt 00:01:56]} 14. Qxc5 {[%clk 00:51:25]} {[%emt
00:00:22]} Nd7 {[%clk 00:49:33]} {[%emt 00:00:46]} 15. Qd4 {[%clk 00:50:14]}
{[%emt 00:01:16]} Qf6 {[%clk 00:48:45]} {[%emt 00:00:53]} 16. Qxf6 {[%clk
00:49:48]} {[%emt 00:00:31]} Nxf6 {[%clk 00:48:17]} {[%emt 00:00:33]} 17. Nd5
{[%clk 00:49:12]} {[%emt 00:00:41]} Nxd5 {[%clk 00:47:00]} {[%emt 00:01:21]}
18. Bxd5 {[%clk 00:49:12]} {[%emt 00:00:07]} Bc8 {[%clk 00:47:00]} {[%emt
00:00:04]} 19. f4 {[%clk 00:48:17]} {[%emt 00:01:00]} Re8 {[%clk 00:46:54]}
{[%emt 00:00:12]} 20. f5 {[%clk 00:47:03]} {[%emt 00:01:18]} Bxf5 {[%clk
00:46:53]} {[%emt 00:00:06]} 21. e5 {[%clk 00:46:24]} {[%emt 00:00:44]} Rxe5+
{[%emt 00:00:48]} 22. Kd2 {[%clk 00:44:48]} {[%emt 00:00:56]} Rxd5 {[%clk
00:46:48]} {[%emt 00:00:12]} 23. Rae1 {[%clk 00:44:25]} {[%emt 00:00:27]} c5
{[%clk 00:46:28]} {[%emt 00:00:26]} 24. Kc3 {[%clk 00:44:07]} {[%emt 00:00:22]}
b5 {[%clk 00:46:21]} {[%emt 00:00:13]} 25. b4 {[%clk 00:42:54]} {[%emt
00:01:18]} cxb4+ {[%clk 00:45:34]} {[%emt 00:00:53]} 26. Kxb4 {[%clk 00:42:51]}
{[%emt 00:00:07]} a5+ {[%clk 00:45:28]} {[%emt 00:00:11]} 27. Kc3 {[%clk
00:42:33]} {[%emt 00:00:23]} Rc8+ {[%clk 00:44:54]} {[%emt 00:00:39]} 28. Kb3
{[%clk 00:42:08]} {[%emt 00:00:30]} b4 {[%clk 00:44:27]} {[%emt 00:00:32]} 29.
Ka4 {[%clk 00:41:49]} {[%emt 00:00:24]} Rc3 {[%clk 00:44:25]} {[%emt 00:00:07]}
30. Re8+ {[%clk 00:41:07]} {[%emt 00:00:47]} Kg7 {[%clk 00:44:20]} {[%emt
00:00:11]} 31. Rb1 {[%clk 00:40:12]} {[%emt 00:00:59]} Ra3# {[%clk 00:44:03]}
{[%emt 00:00:17]} 0-1

[Event "DVM U10 2023"]
[Site "Magdeburg GER"]
[Date "2023.12.29"]
[Round "6"]
[White "Steffen, Leon"]
[Black "Korth, Alexander"]
[Result "1/2-1/2"]
[Termination "normal"]
[Board "18.3"]
[WhiteElo "927"]
[BlackElo "767"]
[WhiteClock "00:55:05"]
[BlackClock "00:19:48"]
[WhiteTeam "Elmshorner SC 1896"]
[BlackTeam "Greifswalder SV"]
[PlyCount "127"]
[EventCountry "GER"]
[EventRounds "7"]
[EventType "team-swiss"]
[EventDate "2023.12.27"]

1. d4 {[%clk 00:55:09]} d5 {[%clk 00:55:01]} {[%emt 00:00:10]} 2. Nf3 {[%clk
00:55:05]} {[%emt 00:00:07]} Nf6 {[%clk 00:54:52]} {[%emt 00:00:15]} 3. Bf4
{[%clk 00:55:03]} {[%emt 00:00:07]} Bf5 {[%clk 00:54:39]} {[%emt 00:00:18]} 4.
e3 {[%clk 00:55:00]} {[%emt 00:00:08]} e6 {[%clk 00:54:31]} {[%emt 00:00:13]}
5. Bd3 {[%clk 00:54:37]} {[%emt 00:00:28]} Bxd3 {[%clk 00:54:16]} {[%emt
00:00:20]} 6. Qxd3 {[%clk 00:54:36]} {[%emt 00:00:06]} Be7 {[%clk 00:53:52]}
{[%emt 00:00:30]} 7. Qb5+ {[%clk 00:54:29]} {[%emt 00:00:12]} c6 {[%clk
00:52:44]} {[%emt 00:01:13]} 8. Qxb7 {[%clk 00:54:15]} {[%emt 00:00:18]} Nbd7
{[%clk 00:52:24]} {[%emt 00:00:25]} 9. Bc7 {[%clk 00:53:57]} {[%emt 00:00:23]}
Qc8 {[%clk 00:51:44]} {[%emt 00:00:45]} 10. Qxc6 {[%clk 00:53:29]} {[%emt
00:00:33]} O-O {[%clk 00:51:00]} {[%emt 00:00:50]} 11. Ne5 {[%clk 00:53:02]}
{[%emt 00:00:31]} h6 {[%clk 00:48:07]} {[%emt 00:02:58]} 12. Nxd7 {[%clk
00:52:35]} {[%emt 00:00:31]} Qxd7 {[%clk 00:47:29]} {[%emt 00:00:43]} 13. Qxd7
{[%clk 00:52:02]} {[%emt 00:00:39]} Nxd7 {[%clk 00:47:10]} {[%emt 00:00:24]}
14. Nc3 {[%clk 00:51:48]} {[%emt 00:00:19]} Rac8 {[%clk 00:46:31]} {[%emt
00:00:45]} 15. Bf4 {[%clk 00:51:22]} {[%emt 00:00:30]} Bb4 {[%clk 00:46:03]}
{[%emt 00:00:33]} 16. O-O {[%clk 00:50:35]} {[%emt 00:00:52]} Bxc3 {[%clk
00:45:46]} {[%emt 00:00:23]} 17. bxc3 {[%clk 00:50:28]} {[%emt 00:00:12]} Rxc3
{[%clk 00:45:29]} {[%emt 00:00:22]} 18. Bd6 {[%clk 00:49:40]} {[%emt 00:00:52]}
Rfc8 {[%clk 00:44:57]} {[%emt 00:00:37]} 19. Bb4 {[%clk 00:48:12]} {[%emt
00:01:31]} Rxc2 {[%clk 00:44:47]} {[%emt 00:00:17]} 20. h3 {[%clk 00:48:04]}
{[%emt 00:00:13]} Rb8 {[%clk 00:44:16]} {[%emt 00:00:35]} 21. a3 {[%clk
00:46:48]} {[%emt 00:01:22]} Ra8 {[%clk 00:42:46]} {[%emt 00:01:36]} 22. Rab1
{[%clk 00:46:08]} {[%emt 00:00:44]} a5 {[%clk 00:42:02]} {[%emt 00:00:49]} 23.
Bd6 {[%clk 00:45:46]} {[%emt 00:00:25]} Rc6 {[%clk 00:40:52]} {[%emt 00:01:17]}
24. Bf4 {[%clk 00:44:48]} {[%emt 00:01:03]} Rb6 {[%clk 00:40:05]} {[%emt
00:00:53]} 25. Rxb6 {[%clk 00:44:28]} {[%emt 00:00:24]} Nxb6 {[%clk 00:39:54]}
{[%emt 00:00:16]} 26. Rb1 {[%clk 00:44:09]} {[%emt 00:00:23]} Nd7 {[%clk
00:38:54]} {[%emt 00:01:06]} 27. Rb7 {[%clk 00:43:24]} {[%emt 00:00:50]} Nf6
{[%clk 00:36:53]} {[%emt 00:02:07]} 28. Bc7 {[%clk 00:41:53]} {[%emt 00:01:27]}
a4 {[%clk 00:36:09]} {[%emt 00:00:58]} 29. Kh2 {[%clk 00:41:27]} {[%emt
00:00:30]} Ne4 {[%clk 00:34:36]} {[%emt 00:01:38]} 30. Rb4 {[%clk 00:40:26]}
{[%emt 00:01:03]} Nxf2 {[%clk 00:33:39]} {[%emt 00:01:04]} 31. Kg3 {[%clk
00:40:01]} {[%emt 00:00:31]} Nd3 {[%clk 00:33:12]} {[%emt 00:00:33]} 32. Rb8+
{[%clk 00:35:46]} {[%emt 00:00:56]} Rxb8 {[%clk 00:33:04]} {[%emt 00:03:37]}
33. Bxb8 {[%clk 00:35:41]} {[%emt 00:00:10]} Ne1 {[%emt 00:01:28]} 34. Kf2
{[%clk 00:34:58]} {[%emt 00:00:07]} Nd3+ {[%clk 00:31:59]} {[%emt 00:00:27]}
35. Kg1 {[%clk 00:34:31]} {[%emt 00:00:32]} f6 {[%clk 00:31:17]} {[%emt
00:00:47]} 36. g4 {[%clk 00:34:16]} {[%emt 00:00:20]} e5 {[%clk 00:30:49]}
{[%emt 00:00:34]} 37. dxe5 {[%clk 00:34:05]} {[%emt 00:00:15]} fxe5 {[%clk
00:30:42]} {[%emt 00:00:12]} 38. Kg2 {[%clk 00:33:24]} {[%emt 00:00:46]} d4
{[%clk 00:29:34]} {[%emt 00:01:13]} 39. Kf3 {[%clk 00:32:35]} {[%emt 00:00:53]}
dxe3 {[%clk 00:28:47]} {[%emt 00:00:53]} 40. Kxe3 {[%clk 00:32:09]} {[%emt
00:00:31]} e4 {[%clk 00:28:24]} {[%emt 00:00:28]} 41. Kxe4 {[%clk 00:31:54]}
{[%emt 00:00:20]} Nf2+ {[%clk 00:28:18]} {[%emt 00:00:11]} 42. Kf3 {[%clk
00:31:19]} {[%emt 00:02:40]} Nxh3 {[%clk 00:29:57]} {[%emt 00:00:15]} 43. Kg3
{[%clk 00:30:42]} {[%emt 00:00:41]} Ng5 {[%clk 00:29:42]} {[%emt 00:00:19]} 44.
Kh4 {[%clk 00:30:16]} {[%emt 00:00:32]} Ne4 {[%clk 00:29:11]} {[%emt 00:00:37]}
45. Kh5 {[%clk 00:28:59]} {[%emt 00:01:20]} Nc3 {[%clk 00:28:16]} {[%emt
00:01:01]} 46. Bd6 {[%clk 00:28:00]} {[%emt 00:01:04]} Nb5 {[%clk 00:27:50]}
{[%emt 00:00:31]} 47. Be7 {[%clk 00:26:51]} {[%emt 00:01:13]} Kh7 {[%clk
00:27:15]} {[%emt 00:00:40]} 48. g5 {[%clk 00:25:45]} {[%emt 00:01:12]} Nc7
{[%clk 00:26:05]} {[%emt 00:01:15]} 49. gxh6 {[%clk 00:24:36]} {[%emt
00:01:13]} gxh6 {[%clk 00:25:50]} {[%emt 00:00:20]} 50. Bf8 {[%clk 00:23:47]}
{[%emt 00:00:55]} Nb5 {[%clk 00:25:37]} {[%emt 00:00:19]} 51. Be7 {[%clk
00:22:52]} {[%emt 00:00:54]} Nc3 {[%clk 00:24:59]} {[%emt 00:00:48]} 52. Bf8
{[%clk 00:22:25]} {[%emt 00:00:32]} Nb1 {[%clk 00:24:36]} {[%emt 00:00:25]} 53.
Be7 {[%clk 00:22:02]} {[%emt 00:00:31]} Kg7 {[%clk 00:24:02]} {[%emt 00:00:39]}
54. Bd6 {[%clk 00:20:29]} {[%emt 00:01:38]} Nd2 {[%clk 00:21:56]} {[%emt
00:02:10]} 55. Bf4 {[%clk 00:19:44]} {[%emt 00:00:49]} Nb1 {[%clk 00:21:11]}
{[%emt 00:00:53]} 56. Bxh6+ {[%clk 00:19:32]} {[%emt 00:00:16]} Kf7 {[%clk
00:21:01]} {[%emt 00:00:15]} 57. Bc1 {[%clk 00:19:09]} {[%emt 00:00:28]} Nxa3
{[%clk 00:20:47]} {[%emt 00:00:19]} 58. Bxa3 {[%clk 00:18:28]} {[%emt
00:00:47]} Ke6 {[%clk 00:20:37]} {[%emt 00:00:15]} 59. Kg4 {[%clk 00:18:16]}
{[%emt 00:00:16]} Kd5 {[%clk 00:20:29]} {[%emt 00:00:13]} 60. Kf4 {[%clk
00:18:01]} {[%emt 00:00:20]} Kc4 {[%clk 00:20:17]} {[%emt 00:00:18]} 61. Ke3
{[%clk 00:17:46]} {[%emt 00:01:01]} Kb3 {[%clk 00:20:06]} {[%emt 00:00:16]} 62.
Bc1 {[%clk 00:17:38]} {[%emt 00:00:13]} a3 {[%clk 00:19:55]} {[%emt 00:00:16]}
63. Bxa3 {[%clk 00:17:35]} {[%emt 00:00:07]} Kxa3 {[%clk 00:19:48]} {[%emt
00:00:07]} 64. Ke4 {[%clk 00:55:05]} {[%emt 00:00:52]} 1/2-1/2

[Event "DVM U10 2023"]
[Site "Magdeburg GER"]
[Date "2023.12.29"]
[Round "6"]
[White "Balthasar, Johann"]
[Black "Tu, Tiffany"]
[Result "0-1"]
[Termination "normal"]
[Board "19.1"]
[WhiteElo "911"]
[BlackElo "1169"]
[WhiteClock "00:14:36"]
[BlackClock "00:30:22"]
[WhiteTeam "SC Turm Erfurt"]
[BlackTeam "SF 59 Kornwestheim"]
[PlyCount "70"]
[BlackFideId "34628576"]
[EventCountry "GER"]
[EventRounds "7"]
[EventType "team-swiss"]
[EventDate "2023.12.27"]

1. e4 {[%clk 00:55:08]} {[%emt 00:00:01]} e5 {[%clk 00:55:06]} {[%emt
00:00:04]} 2. Nf3 {[%clk 00:55:06]} {[%emt 00:00:07]} Nc6 {[%clk 00:55:07]}
{[%emt 00:00:06]} 3. d4 {[%clk 00:55:04]} {[%emt 00:00:07]} exd4 {[%clk
00:55:06]} {[%emt 00:00:05]} 4. Bc4 {[%clk 00:54:51]} {[%emt 00:00:17]} Nf6
{[%clk 00:55:04]} {[%emt 00:00:07]} 5. O-O {[%clk 00:54:17]} {[%emt 00:00:40]}
Nxe4 {[%clk 00:54:55]} {[%emt 00:00:13]} 6. Re1 {[%clk 00:53:53]} {[%emt
00:00:29]} d5 {[%clk 00:54:54]} {[%emt 00:00:07]} 7. Bxd5 {[%clk 00:53:37]}
{[%emt 00:00:20]} Qxd5 {[%clk 00:54:52]} {[%emt 00:00:08]} 8. Nc3 {[%clk
00:53:08]} {[%emt 00:00:34]} Qh5 {[%clk 00:54:49]} {[%emt 00:00:07]} 9. Nxe4
{[%clk 00:52:56]} {[%emt 00:00:12]} Be6 {[%clk 00:54:43]} {[%emt 00:00:17]} 10.
Neg5 {[%clk 00:51:56]} {[%emt 00:01:05]} O-O-O {[%clk 00:54:35]} {[%emt
00:00:12]} 11. Nxe6 {[%clk 00:51:38]} {[%emt 00:00:22]} fxe6 {[%clk 00:54:34]}
{[%emt 00:00:08]} 12. Rxe6 {[%clk 00:51:27]} {[%emt 00:00:15]} Bd6 {[%clk
00:53:43]} {[%emt 00:00:57]} 13. Bg5 {[%clk 00:48:03]} {[%emt 00:03:29]} Bxh2+
{[%clk 00:49:48]} {[%emt 00:04:01]} 14. Nxh2 {[%clk 00:45:32]} {[%emt
00:02:35]} Qxg5 {[%clk 00:49:36]} {[%emt 00:00:16]} 15. Qg4 {[%clk 00:43:34]}
{[%emt 00:02:04]} Qxg4 {[%clk 00:49:15]} {[%emt 00:00:26]} 16. Nxg4 {[%clk
00:43:24]} {[%emt 00:00:13]} h5 {[%clk 00:48:49]} {[%emt 00:00:32]} 17. Ne5
{[%clk 00:41:03]} {[%emt 00:02:27]} Nxe5 {[%clk 00:48:11]} {[%emt 00:00:43]}
18. Rxe5 {[%clk 00:40:38]} {[%emt 00:00:28]} b6 {[%clk 00:47:10]} {[%emt
00:01:08]} 19. Rd1 {[%clk 00:34:19]} {[%emt 00:06:24]} Rd7 {[%clk 00:45:38]}
{[%emt 00:01:38]} 20. Re4 {[%clk 00:33:27]} {[%emt 00:00:57]} Rhd8 {[%clk
00:43:35]} {[%emt 00:02:09]} 21. g4 {[%clk 00:31:08]} {[%emt 00:02:24]} hxg4
{[%clk 00:40:57]} {[%emt 00:02:42]} 22. Rxg4 {[%clk 00:30:51]} {[%emt
00:00:19]} c5 {[%clk 00:40:07]} {[%emt 00:00:57]} 23. c4 {[%clk 00:27:11]}
{[%emt 00:03:46]} dxc3 {[%clk 00:38:35]} {[%emt 00:01:36]} 24. Rxd7 {[%emt
00:00:17]} cxb2 {[%emt 00:01:10]} 25. Rxa7 {[%clk 00:22:01]} {[%emt 00:03:46]}
b1=Q+ {[%clk 00:38:29]} {[%emt 00:00:13]} 26. Kg2 {[%clk 00:22:05]} {[%emt
00:00:02]} Rd7 {[%clk 00:36:30]} {[%emt 00:02:03]} 27. Ra8+ {[%clk 00:21:33]}
{[%emt 00:00:38]} Kb7 {[%clk 00:35:46]} {[%emt 00:00:48]} 28. Rga4 {[%clk
00:21:02]} {[%emt 00:00:37]} Qg6+ {[%clk 00:34:55]} {[%emt 00:00:55]} 29. Kf1
{[%clk 00:20:10]} {[%emt 00:00:56]} Rd1+ {[%clk 00:34:42]} {[%emt 00:00:18]}
30. Ke2 {[%emt 00:00:11]} Qc2+ {[%emt 00:00:03]} 31. Ke3 {[%clk 00:19:54]}
{[%emt 00:00:09]} g5 {[%clk 00:32:02]} {[%emt 00:02:45]} 32. R4a7+ {[%clk
00:19:33]} {[%emt 00:00:26]} Kc6 {[%clk 00:31:55]} {[%emt 00:00:11]} 33. Rc8+
{[%clk 00:17:30]} {[%emt 00:02:09]} Kb5 {[%clk 00:31:43]} {[%emt 00:00:16]} 34.
a4+ {[%emt 00:02:53]} Kc4 {[%clk 00:30:32]} {[%emt 00:00:07]} 35. Rac7 {[%clk
00:14:36]} {[%emt 00:01:21]} Qd3+ {[%clk 00:30:22]} {[%emt 00:00:14]} 0-1